LEADER 01240nam a2200301 a 4500 001 000000126396 003 CaOOAMICUS 005 20110922144356.0 008 110922s2002 it u000 u ita r 020 $a88-430-2162-1 040 $aPUL$bita 082 04$a035 100 1 $aGatti, Rita.$0(OLS)http://pul/name/80408 245 10$aSaper sapere :$bLa motivazione come obiettivo educativo /$cRita Gatti. 260 $aRoma :$bCarocci,$c©2002. 300 $a97 p. ;$c22 cm. 490 1 $aQuality paperbacks ;$v44 504 $aComprende riferimenti bibliografici e indice. 650 4$aDidattica$xMetodi.$0(OLS)http://pul/subject/7417 830 0$aQuality paperbacks (Carocci) ;$v44.$0(OLS)http://pul/title/103487 850 $aPUL 852 $aPUL$W1$xDP2 Cons. Gen., Altre Classi 3$y97$m035 COLL 1.44$j145868$a1. rist. del 2004$qDDC 21$B144665$CPULBib$Z2$F144665 $H116211 $82 941 1 $a9 996 $6020$a88-430-2162-1$9(OLS)http://pul/number/148025 996 $6082$a035$9(OLS)http://pul/classification/471 996 $6245$aSaper sapere :$bLa motivazione come obiettivo educativo$9(OLS)http://pul/title/159632 996 $6260$aRoma :$bCarocci$9(OLS)http://pul/publisher/66917 LEADER 00947nam a2200241 a 4500 001 000000151395 003 CaOOAMICUS 005 20160426155238.0 008 160426s1935 it u000 u ita r 032 $aLibriCat 040 $aPUL$bita 100 1 $aResta, Raffaele.$0(OLS)http://pul/name/28651 245 10$aDante e la filosofia dell'amore /$cRaffaele Resta. 260 $aBologna :$bNicola Zanichelli,$c1935. 300 $a215 p. ;$c26 cm. 504 $aBibliografia in nota a pič pagina. 600 04$aDante Alighieri,$d1265-1321$xFilosofia.$0(OLS)http://pul/subject/3031 850 $aPUL 852 $aPUL$W1$xDP1 Cons. Gen., Altre Classi 1$y22$m921 F 3$j173941$qStampati$B176376$CPULBib$Z2$F176376 $H14629 $81 941 1 $a8 996 $6245$aDante e la filosofia dell'amore$9(OLS)http://pul/title/190641 996 $6260$aBologna :$bNicola Zanichelli$9(OLS)http://pul/publisher/52264